| 000 | 00364nam a2200145Ia 4500 | ||
|---|---|---|---|
| 008 | 230711s9999||||xx |||||||||||||| ||und|| | ||
| 041 | _aENG | ||
| 082 |
_a621 _bST-P |
||
| 100 | _aStanislav | ||
| 245 | 0 | _aPressure transient analysis | |
| 250 | _a7th | ||
| 260 |
_c1990 _aNew York _bPrentice-Hall of India Private Limited |
||
| 650 | _aCivil Engineering | ||
| 942 | _cBK | ||
| 999 |
_c576 _d576 |
||